000
00258nam a22000977a 4500
008
140207t xxu||||| |||| 00| 0 eng d
100
_a
Amos H, Hawley
_9
662
245
_a
Human Ecology
_b
A theory of community structure
300
_a
viii, 456 p. :
942
_2
ddc
_c
BK
999
_c
16921
_d
16921